| Tag |
First Indicator |
Second Indicator |
Subfields |
| LEADER |
00000nam a2200000 4500 |
| 001 |
in00004311421 |
| 005 |
20200813084729.0 |
| 006 |
m g d |
| 007 |
cr bn |||a|bb| |
| 008 |
850529s1643 enk o 00| | eng d |
| 035 |
|
|
|a (UnM)99873545
|
| 037 |
|
|
|a CL0051000001
|b ProQuest Information and Learning. 300 N. Zeeb Rd., Ann Arbor, MI 48106
|
| 040 |
|
|
|a Cu-RivES
|c Cu-RivES
|d CStRLIN
|e dcrb
|d WaOLN
|
| 245 |
0 |
0 |
|a Powers to be resisted: or A dialogue arguing the Parliaments lawfull resistance of the powers now in armes against them; :
|b and that archbishops, bishops, curates, neuters, all these are to be cut off by the law of God; therefore to be cast out by the law of the land. Very necessary and usefull for the information of the ignorant, confirmation of the weake, stablishing of the strong, convincing of the froward, in the clearing, resolving, and stating the legality of the Covenant, and this present warre. Also an answere to this quere, How farre religion may be defended by the law of armes? being a thing much questioned by some. Here is also a fit answere to Dr Ferns late answer, such as God hath commanded to be given unto him, who (in the title and close of his book) hath exalted his folly, and his wickednesse before the face of all the Christian world.
|
| 246 |
2 |
|
|a Dialogue arguing the Parliaments lawfull resistance of the powers now in armes against them.
|
| 260 |
|
|
|a London :
|b Printed for Henry Overton in Popes-head-Alley,
|c 1643.
|
| 300 |
|
|
|a 1 online resource ([2], 60, [2] pages)
|
| 336 |
|
|
|a text
|b txt
|2 rdacontent
|
| 337 |
|
|
|a computer
|b c
|2 rdamedia
|
| 338 |
|
|
|a online resource
|b cr
|2 rdacarrier
|
| 500 |
|
|
|a Annotation on Thomason copy: "Decemb: 28".
|
| 500 |
|
|
|a Reproduction of the original in the British Library.
|
| 510 |
4 |
|
|a Wing (2nd edition)
|c P3111.
|
| 510 |
4 |
|
|a Thomason
|c E.79[15].
|
| 533 |
|
|
|a Electronic reproduction.
|b Ann Arbor, Mich. :
|c UMI,
|d 1999-
|f (Early English books online)
|n Digital version of: (Thomason Tracts ; 14:E79[15])
|7 s1999 miun s
|
| 600 |
1 |
0 |
|a Ferne, H.
|q (Henry),
|d 1602-1662.
|t Conscience satisfied.
|
| 610 |
1 |
0 |
|a England and Wales.
|b Parliament
|v Early works to 1800.
|
| 651 |
|
4 |
|a Great Britain
|x History
|y Civil War, 1642-1649
|v Early works to 1800.
|
| 830 |
|
0 |
|a Early English books online.
|
| 856 |
4 |
0 |
|u http://proxy.library.tamu.edu/login?url=https://search.proquest.com/docview/2240942299
|z Connect to the full text of this electronic book
|t 0
|
| 999 |
f |
f |
|s 14fd59a8-81af-3660-aa38-de15295895cd
|i 6f61fc1f-6283-31c9-824b-6dd40c695721
|t 0
|
| 952 |
f |
f |
|a Texas A&M University
|b College Station
|c Electronic Resources
|d Available Online
|t 0
|h No information provided
|
| 998 |
f |
f |
|t 0
|l Available Online
|